| 000 | 00834cam a2200229 a 4500 | ||
|---|---|---|---|
| 999 |
_c58280 _d58280 |
||
| 001 | 15350370 | ||
| 005 | 20211020133731.0 | ||
| 008 | 080701s2007 cau b 001 0 eng d | ||
| 020 | _a9788779897441 | ||
| 041 | _aeng | ||
| 080 | _a299.93 H-88 | ||
| 100 | 1 |
_aHubbard, L. Ron _q _d _912699 |
|
| 245 | 1 | 0 |
_aScience of survival : _bprediction of human behavior / _cL. Ron Hubbard. |
| 264 |
_aLos Angeles : _bBridge Publications, _c2007. |
||
| 300 |
_a 729 p. ; _c25 cm. |
||
| 653 | _aScience of survival | ||
| 653 | _aგადარჩენის მეცნიერება | ||
| 653 | _aprediction of human behavior | ||
| 653 | _aადამიანის ქცევის პროგნოზირება | ||
| 942 |
_2udc _cBK |
||
| 955 |
_aps10 2008-07-01 z-processor _ash00 2008-07-08 _ish21 2008-07-29 (telework) |
||